000 00821npm a2200229 i 4500
001 5356
003 ES-MaACL
005 20230908130102.0
007 hzrazu bucu
008 900504r19901945pe a 00010 spa d
080 _a02(851.1 Lima)(05) Fenix
080 _a05(85)
245 0 0 _aFenix
_b: [Microforma] : Revista de la Biblioteca Nacional.
260 _aMadrid :
_bAteneo Cientifico, Literario y Artistico,
_c1990.
300 _a2 carretes de microfilme :
_bnegativo ;
_c16 mm.
500 _aPublicado originalmente: Lima, Lumen, 1945 a 1955, periodicidad semestral.
505 8 _aCarrete n. 1: 1945 a 1950 -- Carrete n. 2: 1952 a 1955
710 2 _aBiblioteca Nacional del PerĂº.
_92187
852 _aES-MaACL
_jMC-598-599
_95473
_cDEPO1
942 _2udc
_cMICROFORMA
999 _c5356
_d5356